La funzione semantica del verso libero nella poetica di Otokar O. Březina
| Titel: | La funzione semantica del verso libero nella poetica di Otokar O. Březina |
|---|---|
| Verfasser: | |
| In: |
Ricerche slavistiche, Band 6 (52) (2008), Seite 251-286 alle Artikel anzeigen |
| Veröffentlicht: | 2008 |
| Format: | Aufsatz |
| Sprache: | Italienisch |
X
alg: 39227240 001A $01999:11-11-16 001B $01999:16-05-21 $t20:26:20.000 001C $06050:19-11-16 $t08:49:51.000 001D $01999:11-11-16 001U $0utf8 001X $00 002@ $0Aox 003@ $0392272407 007A $0392272407 $aHEB 007T $0Herdc0051149m 010@ $aita 011@ $a2008 021A $aLa @funzione semantica del verso libero nella poetica di Otokar O. Březina 028A $aEvangelista $dErnesto 031A $d6 (52) $h251-286 $j2008 039B $aIn $8--Abvc--. Ricerche slavistiche. - Roma : Il Calamo, 1952-. - ISSN 0391-4127 $x200800000060000749 $9047285141 045F $a929.094371 $eDDC23BSB 045F/01 $a929 045F/03 $g4371 045T $a7,41 $a7,39 045T $aAVL $qDE-30 $2FID lok: 39227240 78 exp: 39227240 78 1 #EPN 201B/01 $016-10-20 $t22:51:51.000 201U/01 $0utf8 203@/01 $0788368923 208@/01 $a11-11-16 $be 209A/01 $a/ $f000 $x00 220C/01 $aTitelaufnehmer: cs 220C/01 $aHerkunft: HI Marburg 244Z/01 $#Tschechien $#Tschechische Republik $#Tschechische Republik $#Tschechenland $#Tschechei Tschechien $#Česká Republika $#Czech Republic $#ČR $74303381-7 $8--Tg1--Tschechien $x01 $9086659812 244Z/01 $2Trx $#Böhmen $#Bohemia $#Czechy $8--Trx--Čechy $x02 $9391188941 244Z/01 $aGeschichte 1868-1929 $x03 244Z/01 $#Jebavý, Václav $#Jebavý, Václav I. $#Březina, Otakar $#Březina, Ottokar $7118660055 $8--Tp1--Březina, Otokar$Z1868-1929 $x04 $9087000954 244Z/01 $2Trx $#kirjanikud $#rašytojai $#writers $#írók $#pisarze $#spisovatelia $#spisovatelé $8--Trx--Schriftsteller $x05 $9391382659 244Z/01 $2Trx $#lüürika $#lyrika $#Poetry $#líra $#poezja $#lyrika $#lyrika $#Poesie $#Dichtung $#liryka $#básnictvo $#poézia $#básnictví $#poezie $8--Trx--Lyrik $x06 $939135986X 244Z/01 $2Trx $8--Trx--Zeitschriftenaufsatz $x07 $9391384341 245Z/01 $a12.03 $x01 247C/01 $82080>Marburg/Lahn, Herder-Institut, Forschungsbibliothek, Bibliographieportal $9336309341
| LEADER | 00000caa a22000002c 4500 | ||
|---|---|---|---|
| 001 | 392272407 | ||
| 003 | DE-603 | ||
| 005 | 20210516202620.0 | ||
| 007 | tu | ||
| 008 | 161111s2008 xx |||| | u00||u|ita c | ||
| 035 | |a (DE-599)HEB392272407 | ||
| 040 | |a DE-603 |b ger |c DE-603 |d DE-603 | ||
| 041 | |a ita | ||
| 082 | 0 | 4 | |8 1\u |a 929.094371 |q DE-101 |2 23/BSB |
| 084 | |a 7,41 |a 7,39 |2 ssgn | ||
| 084 | |a AVL |q DE-30 |2 fid | ||
| 085 | |8 1\u |b 929 | ||
| 085 | |8 1\u |z 2 |s 4371 | ||
| 100 | 1 | |a Evangelista, Ernesto | |
| 245 | 0 | 0 | |a La funzione semantica del verso libero nella poetica di Otokar O. Březina |
| 264 | 0 | |c 2008 | |
| 773 | 0 | 8 | |i In |t Ricerche slavistiche |d Roma : Il Calamo, 1952- |x 0391-4127 |g Band 6 (52) (2008), Seite 251-286 |w (DE-603)047285141 |w (DE-600)205485-1 |
| 924 | 0 | |9 2080 |a (DE-603)788368923 |b DE-2080 |c HES |d d |g / | |


